MARC details
| 000 -LEADER |
| fixed length control field |
02256cam a2200385 i 4500 |
| 001 - CONTROL NUMBER |
| control field |
19237550 |
| 003 - CONTROL NUMBER IDENTIFIER |
| control field |
CSPC |
| 005 - DATE AND TIME OF LATEST TRANSACTION |
| control field |
20250717114931.0 |
| 008 - FIXED-LENGTH DATA ELEMENTS--GENERAL INFORMATION |
| fixed length control field |
160819s2018 mau b 001 0 eng |
| 010 ## - LIBRARY OF CONGRESS CONTROL NUMBER |
| LC control number |
2016038356 |
| 020 ## - INTERNATIONAL STANDARD BOOK NUMBER |
| International Standard Book Number |
9781284116458 |
| Qualifying information |
pbk. |
| 035 ## - SYSTEM CONTROL NUMBER |
| System control number |
19237550 |
| 040 ## - CATALOGING SOURCE |
| Original cataloging agency |
DLC |
| Language of cataloging |
eng |
| Transcribing agency |
DLC |
| Description conventions |
rda |
| Modifying agency |
DLC |
| -- |
CSPC |
| 042 ## - AUTHENTICATION CODE |
| Authentication code |
pcc |
| 050 00 - LIBRARY OF CONGRESS CALL NUMBER |
| Classification number |
QA76.9.A25 |
| Item number |
K536 2018 |
| 082 00 - DEWEY DECIMAL CLASSIFICATION NUMBER |
| Classification number |
005.8 |
| Item number |
K560f |
| Edition number |
23 |
| 100 1# - MAIN ENTRY--PERSONAL NAME |
| Personal name |
Kim, David |
| Titles and words associated with a name |
(Information technology security consultant), |
| Relator term |
author. |
| 245 10 - TITLE STATEMENT |
| Title |
Fundamentals of information systems security / |
| Statement of responsibility, etc. |
David Kim and Michael G. Solomon. |
| 250 ## - EDITION STATEMENT |
| Edition statement |
Third edition. |
| 264 #1 - PRODUCTION, PUBLICATION, DISTRIBUTION, MANUFACTURE, AND COPYRIGHT NOTICE |
| Place of production, publication, distribution, manufacture |
Burlington, Massachusetts : |
| Name of producer, publisher, distributor, manufacturer |
Jones & Bartlett Learning, |
| Date of production, publication, distribution, manufacture, or copyright notice |
2018. |
| 300 ## - PHYSICAL DESCRIPTION |
| Extent |
xxii, 548 pages : |
| Other physical details |
illustrations ; |
| Dimensions |
24 cm. |
| 336 ## - CONTENT TYPE |
| Content type term |
text |
| Content type code |
txt |
| Source |
rdacontent |
| 337 ## - MEDIA TYPE |
| Media type term |
unmediated |
| Media type code |
n |
| Source |
rdamedia |
| 338 ## - CARRIER TYPE |
| Carrier type term |
volume |
| Carrier type code |
nc |
| Source |
rdacarrier |
| 504 ## - BIBLIOGRAPHY, ETC. NOTE |
| Bibliography, etc. note |
Includes bibliographical references and index. |
| 505 0# - FORMATTED CONTENTS NOTE |
| Formatted contents note |
Part I. The need for information security -- Information systems security -- The internet of things is changing how we live -- Malicious attacks, threats, and vulnerabilities -- The drivers of the information security business -- Part II. Securing today's information systems -- Access controls -- Security operations and administrations -- Auditing, testing, and monitoring -- Risk, response, and recovery -- Cryptography -- Networks and telecommunications -- Malicious code and activity -- Part III. Information security standards, education, certifications, and laws -- Information security standards -- Information systems security education and training -- Information security professional certifications -- U.S. compliance laws. |
| 650 #0 - SUBJECT ADDED ENTRY--TOPICAL TERM |
| Topical term or geographic name entry element |
Computer security. |
| 650 #0 - SUBJECT ADDED ENTRY--TOPICAL TERM |
| Topical term or geographic name entry element |
Computer networks |
| General subdivision |
Security measures. |
| 650 #0 - SUBJECT ADDED ENTRY--TOPICAL TERM |
| Topical term or geographic name entry element |
Information storage and retrieval systems |
| General subdivision |
Security measures. |
| 700 1# - ADDED ENTRY--PERSONAL NAME |
| Personal name |
Solomon, Michael |
| Fuller form of name |
(Michael G.), |
| Dates associated with a name |
1963- |
| Relator term |
author. |
| 906 ## - LOCAL DATA ELEMENT F, LDF (RLIN) |
| a |
7 |
| b |
cbc |
| c |
orignew |
| d |
1 |
| e |
ecip |
| f |
20 |
| g |
y-gencatlg |
| 942 ## - ADDED ENTRY ELEMENTS (KOHA) |
| Source of classification or shelving scheme |
Dewey Decimal Classification |
| Koha item type |
Books |
| Edition |
23 |
| Classification part |
005.8 |
| Item part |
K560f |
| Call number prefix |
CIR |
| Call number suffix |
2018 |
| Suppress in OPAC |
No |